| 000 | 02619 a2200385 4500 | ||
|---|---|---|---|
| 003 | Nust | ||
| 005 | 20170207164750.0 | ||
| 020 | _a0387927670 | ||
| 020 | _a0387927670 (eisbn) | ||
| 020 | _a9780387927671 (eisbn) | ||
| 035 | _a(EBZ)ebs527356e | ||
| 035 | _a(SFX)1000000000761412 | ||
| 035 | _a(WaSeSS)ssj0000102837 | ||
| 035 | _a(WaSeSS)ssj0000102837 | ||
| 035 | _a(WaSeSS)ssj0000102837 | ||
| 040 | _cNust | ||
| 082 | 0 | 4 | _a621.3815324 |
| 100 | 1 | _aWanhammar, Lars, | |
| 245 | 1 | 0 |
_aAnalog Filters using MATLAB(E BOOK) _h[Elektronisk resurs] / _cLars Wanhammar |
| 260 |
_aDordrecht ; _aLondon : _bSpringer, _cc2009 |
||
| 500 | _aE Book | ||
| 650 | 0 |
_aElectric filters _xDesign and construction. |
|
| 650 | 0 |
_aElektriska filter _xdesign och konstruktion |
|
| 650 | 0 | _aMATLAB | |
| 856 | 4 | 2 | _uhttp://costello.pub.hb.se/login?url=http://link.springer.com/openurl?genre=book&isbn=978-0-387-92766-4 |
| 856 | 4 | 2 | _uhttp://dx.doi.org/10.1007/978-0-387-92767-1 |
| 856 | 4 | 2 | _uhttp://ezproxy.its.uu.se/login?url=http://link.springer.com/openurl?genre=book&isbn=978-0-387-92766-4 |
| 856 | 4 | 2 | _uhttp://link.sub.su.se/sfxsub?url_ver=Z39.88-2004&ctx_ver=Z39.88-2004&ctx_enc=info:ofi/enc:UTF-8&rfr_id=info:sid/sfxit.com:opac_856&url_ctx_fmt=info:ofi/fmt:kev:mtx:ctx&sfx.ignore_date_threshold=1&rft.object_id=1000000000761412&svc_val_fmt=info:ofi/fmt:kev:mtx:sch_svc& |
| 856 | 4 | 2 | _uhttp://proxy.lib.chalmers.se/login?url=http://link.springer.com/openurl?genre=book&isbn=978-0-387-92766-4 |
| 856 | 4 | 2 | _uhttp://proxy.lib.ltu.se/login?url=http://link.springer.com/openurl?genre=book&isbn=978-0-387-92766-4 |
| 856 | 4 | 2 | _uhttp://sfxeu05.hosted.exlibrisgroup.com/46LUB?url_ver=Z39.88-2004&ctx_ver=Z39.88-2004&ctx_enc=info:ofi/enc:UTF-8&rfr_id=info:sid/sfxit.com:opac_856&url_ctx_fmt=info:ofi/fmt:kev:mtx:ctx&sfx.ignore_date_threshold=1&rft.object_id=1000000000761412&svc_val_fmt=info:ofi/fmt:kev:mtx:sch_svc& |
| 856 | 4 | 2 | _uhttp://sfxeu10.hosted.exlibrisgroup.com/sfxkth?url_ver=Z39.88-2004&ctx_ver=Z39.88-2004&ctx_enc=info:ofi/enc:UTF-8&rfr_id=info:sid/sfxit.com:opac_856&url_ctx_fmt=info:ofi/fmt:kev:mtx:ctx&sfx.ignore_date_threshold=1&rft.object_id=1000000000761412&svc_val_fmt=info:ofi/fmt:kev:mtx:sch_svc& |
| 856 | 4 | 2 | _uhttp://sfxeu11.hosted.exlibrisgroup.com/mah?url_ver=Z39.88-2004&ctx_ver=Z39.88-2004&ctx_enc=info:ofi/enc:UTF-8&rfr_id=info:sid/sfxit.com:opac_856&url_ctx_fmt=info:ofi/fmt:kev:mtx:ctx&sfx.ignore_date_threshold=1&rft.object_id=1000000000761412&svc_val_fmt=info:ofi/fmt:kev:mtx:sch_svc& |
| 856 | 4 | 2 | _uhttps://lt.ltag.bibl.liu.se/login?url=http://site.ebrary.com/lib/linkoping/Doc?id=10309738 |
| 942 |
_2ddc _cBK |
||
| 999 |
_c209999 _d209999 |
||